... sie kamen aus Schlesien

Titel: ... sie kamen aus Schlesien : Schnitzkunst aus dem Glatzer Bergland, Adler- und Altvatergebirge / Hans Brockhage
Verfasser:
Veröffentlicht: Schwarzenberg : Selbstverl., 2005
Umfang: 134 S. : zahlr. Ill.
Format: Buch
Sprache: Deutsch
RVK-Notation:
Schlagworte:
ISBN: 3000174729
Buchumschlag
X
Lokale Klassifikation: 14 3 P
alg: 18475170
001A    $03004:26-02-07 
001B    $01999:26-05-23 $t22:20:16.000 
001C    $03004:22-03-16 $t14:45:46.000 
001D    $03004:22-03-16 
001U    $0utf8 
001X    $00 
002@    $0Aau 
003@    $0184751705 
004A    $03-00-017472-9 
007A    $0184751705 $aHEB 
007T    $0Herdc0002371m 
010@    $ager 
011@    $a2005 
021A    $a... sie kamen aus Schlesien $dSchnitzkunst aus dem Glatzer Bergland, Adler- und Altvatergebirge $hHans Brockhage 
028A    $7119274914 $8Brockhage, Hans$Z1925-2009 [Tp1] $9087614766 
033A    $pSchwarzenberg $nSelbstverl. 
034D    $a134 S. 
034M    $azahlr. Ill. 
044K    $RVolkskunst $#Christliche Volkskunst $74177722-0 $8Religiöse Volkskunst [Ts1] $9085839663 
044K    $RGrulich $74446668-7 $8Králíky [Tg1] $9088814467 
045F    $a390.094385 $eDDC23BSB 
045F/01 $a390 
045F/03 $g4385 
045G    $a330.094371 $eDDC23BSB 
045G/01 $a330.09 
045G/03 $g4371 
045G/03 $g4385 
045Z    $8LL 56640 [Tkv] $9410004049 

lok: 18475170 24
101B    $022-03-16 $t14:45:46.000 
101C    $022-03-16 
101U    $0utf8 
145Z/01 $a14 3 P 

exp: 18475170 24 1 #EPN
201B/01 $004-05-16 $t11:21:15.000 
201C/01 $026-02-07 
201U/01 $0utf8 
203@/01 $0501477306 
208@/01 $a26-02-07 $bz 
209A/01 $a16.01239 $du $f050 $h16 01239 $x00 
209C/01 $a16.01239 G $h16 01239 G 
209G/01 $a73723647 $x00 
220C/01 $awar/wal 
247C/01 $8358050-7 Marburg, Bibliothek des Herder-Instituts Marburg $9102600961 

lok: 18475170 78

exp: 18475170 78 1 #EPN
201B/01 $010-07-19 $t22:38:05.000 
201U/01 $0utf8 
203@/01 $0791729427 
208@/01 $a12-11-16 $be 
209A/01 $a/ $f000 $x00 
220C/01 $aTitelaufnehmer: wr 
220C/01 $aAnmerkung: NG 
244Z/01 $2Trx $#Silesia $#Śląsk $#Sliezsko $#Slezsko $8--Trx--Schlesien $x01 $9391173987 
244Z/01 $#Tschechien $#Tschechische Republik $#Tschechische Republik $#Tschechenland $#Tschechei Tschechien $#Česká Republika $#Czech Republic $#ČR $74303381-7 $8--Tg1--Tschechien $x02 $9086659812 
244Z/01 $2Trx $#Böhmen $#Bohemia $#Czechy $8--Trx--Čechy $x03 $9391188941 
244Z/01 $#Orlické hory $#Góry Orlickie $#Mensegebirge $#Erlitzgebirge $#Grunwalder Gebirge $74000507-0 $8--Tg1--Adlergebirge $x04 $908499178X 
244Z/01 $#Altvatergebirge $#Hrubý Jeseník $74095534-5 $8--Tg1--Hohes Gesenke $x05 $9085268518 
244Z/01 $#Glatz, Region $71169889786 $8--Tg1--Kłodzko$zRegion $x06 $9437989267 
244Z/01 $2Trx $#nikerdustöö $#drožinėjimas $#Carving $#fafaragvány $#snycerstwo $#rezbárstvo $#řezbářství $8--Trx--Schnitzerei $x07 $9391356046 
244Z/01 $2Trx $#käsitöö, kunstiline $#dailieji amatai $#handicrafts $#kézmüvesség $#rzemiosło artystyczne $#remeslo umelecké $#řemeslo umělecké $8--Trx--Kunsthandwerk $x08 $9391382713 
244Z/01 $2Trx $8--Trx--Monographie $x09 $9391384546 
244Z/01 $2Trx $#kirjeldused regioonid, maad $#regionų ir kraštų istorija $#overview regions/countries $#ábrázolások, átfogó vidékek, országok $#regiony i kraje ogólnie $#dejiny, všeobecné prehľady regióny/krajiny $#dějiny, obecné přehledy regiony/země $#Regionalgeschichte $#Regionen $#Länder $#dejiny krajské $#dejiny regionálne $8--Trx--Darstellungen, übergreifende$gRegionen/Länder $x10 $9391373188 
245Z/01 $a13.02 $x01 
245Z/01 $a09.04 $x02 
247C/01 $82080>Marburg/Lahn, Herder-Institut, Forschungsbibliothek, Bibliographieportal $9336309341
LEADER 00000cam a2200000 c 4500
001 184751705
003 DE-603
005 20230526222016.0
007 tu
008 070226s2005 xx |||| | u00||u|ger c
020 |a 3000174729 
035 |a (DE-599)HEB184751705 
040 |a DE-603  |b ger  |c DE-603  |d DE-603 
041 |a ger 
082 0 4 |8 1\u  |a 390.094385  |q DE-101  |2 23/BSB 
083 0 |8 2\u  |a 330.094371  |q DE-101  |2 23/BSB 
084 |a LL 56640  |0 (DE-625)100145:  |0 (DE-603)410004049  |2 rvk 
085 |8 1\u  |b 390 
085 |8 1\u  |z 2  |s 4385 
085 |8 2\u  |b 330.09 
085 |8 2\u  |z 2  |s 4371 
085 |8 2\u  |z 2  |s 4385 
100 1 |a Brockhage, Hans  |d 1925-2009  |0 (DE-603)087614766  |0 (DE-588)119274914  |2 gnd 
245 0 0 |a ... sie kamen aus Schlesien  |b Schnitzkunst aus dem Glatzer Bergland, Adler- und Altvatergebirge  |c Hans Brockhage 
264 1 |a Schwarzenberg  |b Selbstverl.  |c 2005 
300 |a 134 S.  |b zahlr. Ill. 
650 7 |a Religiöse Volkskunst  |0 (DE-588)4177722-0  |0 (DE-603)085839663  |2 gnd 
651 7 |a Králíky  |0 (DE-588)4446668-7  |0 (DE-603)088814467  |2 gnd 
924 0 |9 Mb 50  |a (DE-603)501477306  |b DE-Mb50  |c HES  |d c  |g 16.01239 
924 0 |9 2080  |a (DE-603)791729427  |b DE-2080  |c HES  |d d  |g /